000 00811nam a22002055i 4500
001 164385
003 ES-MaACL
005 20240423140949.0
008 011204s1866 sp |||| | spa d
080 _a355.015(460)
100 1 _aSáinz de los Terreros, Manuel.
_9133000
245 1 3 _aEl Ejército y el militarismo :
_bcuestión de actualidad /
_cpor Manuel Sáinz de los Terreros.
260 _aMadrid :
_b[s.n.],
_c1866 (
_fImp. de Juan Fernández)
300 _a15 p. ;
_c22 cm.
650 4 _aEjército-
_zEspaña-
_yS.XIX.
_9166099
852 4 _aES-MaACL
_jT-74-F-18
_z- Enc. hol., falto de cub. original
_z- Enc. en un vol. facticio
852 4 _aES-MaACL
_jT-376-F-28
_z- Enc. hol., falto de cub. original
_z- Enc. en un vol. facticio
942 _2udc
999 _c164385
_d164385